Reforma laboral 2012 Anl̀isis y Comentarios

Detalles Bibliográficos
Autor principal: Baltazar Mancilla, Manuel
Otros Autores: Bornacini Hervella, Honor ̌A
Formato: Desconocido
Lenguaje:español
Publicado: Mx̌ico D.F. : Mx̌ico Fiscal, 2012
Materias:
Acceso en línea:http://www.vlex.com/source/11334

MARC

LEADER 00000 a2200000 4500
005 20130614155602.0
007 cr|||| ||||
008 130614e2012 mx |||||s|||| 00||0 spa d
035 |a 11334 
040 |a vLex 
090 |c 4370  |d 4370 
100 1 0 |a Baltazar Mancilla, Manuel 
245 1 0 |a Reforma laboral 2012  |b Anl̀isis y Comentarios  |c / Manuel Baltazar Manzilla, Honor ̌A. Bornacini Hervella   |h [Recurso electrn̤ico] 
256 |a Servicio en ln̕ea 
260 |a Mx̌ico D.F. :  |b Mx̌ico Fiscal,   |c 2012 
300 |a 1 Recurso electrn̤ico 
506 |a Contenido solo disponible en los productos indicados  |d vLex Global   |d vLex Global (Academic Edition, excluding Law Schools)  |d vLex Global (U.S. Academic Edition, Law Schools)  |d vLex Global (U.S. Academic Edition, excluding Law Schools)  |d vLex Global (Academic Edition, Law Schools) 
650 4 |a Derecho laboral y Seguridad Social  |z Mx̌ico 
700 1 0 |a Bornacini Hervella, Honor ̌A. 
740 |a vLex Libros (Servicio en ln̕ea) 
856 |a Acceso restringido  |u http://www.vlex.com/source/11334 
942 |c BOOK 
999 0 |a Labor laws and legislation